Interkultúrna komunikácia a jazyková rovnosť

Vývoj postavenia jazykov v minulosti, ktorý bol podmienený historickými udalosťami a rozdelením sveta na centrum a perifériu. Faktory, ktoré podmieňujú rozdielne vnímanie postavenia jazykov vo svete. Čo je to jazyk.

Salvato in:
Dettagli Bibliografici
Autore principale: Ondrušová, Terézia, 1978-
Natura: Capitolo di libro
Lingua:slovacco
Soggetti:
Tags: Aggiungi Tag
Nessun Tag, puoi essere il primo ad aggiungerne!!

MARC

LEADER 00000nla a2200000 4500
001 0209704
005 20240502073503.9
041 0 |a slo 
044 |a SK 
245 1 0 |a Interkultúrna komunikácia a jazyková rovnosť  |c Terézia Ondrušová 
520 |a Vývoj postavenia jazykov v minulosti, ktorý bol podmienený historickými udalosťami a rozdelením sveta na centrum a perifériu. Faktory, ktoré podmieňujú rozdielne vnímanie postavenia jazykov vo svete. Čo je to jazyk. 
610 2 0 |a jazykoveda 
610 2 0 |a jazyky cudzie 
610 2 0 |a komunikácia interkultúrna 
100 1 |a Ondrušová, Terézia, 1978-